书目信息 |
| 题名: |
抗日战争时期解放区科学技术发展史资料
|
|
| 作者: | 武衡 主编 | |
| 分册: | 第1辑 | |
| 出版信息: | 北京 中国学术出版社 1983 |
|
| 页数: | 262页 | |
| 开本: | 20cm | |
| 丛书名: | ||
| 单 册: | ||
| 中图分类: | K269.5 | |
| 科图分类: | ||
| 主题词: | 解放区-抗日战争-科学技术--中国--史料 , 科学技术-解放区-抗日战争--中国--史料 , 抗日战争-解放区-科学技术--中国--史料 | |
| 电子资源: | ||
| ISBN: | ||
| 000 | 00786nam0 2200241 45 | |
| 001 | 0190015519 | |
| 005 | 20060426165018.10 | |
| 010 | @dCNY1.37 | |
| 091 | @a11071.1 | |
| 100 | @a19921223d1983 ekmy0chiy0121 ea | |
| 101 | 0 | @achi |
| 102 | @aCN@b110000 | |
| 105 | @af z 000yy | |
| 200 | 10 | @a抗日战争时期解放区科学技术发展史资料@AKANG RI ZHAN ZHENG SHI QI JIE FANG QU KE XUE JI SHU FA ZHAN SHI ZI LIAO@h第1辑@f武衡主编@Fwu heng zhu bian |
| 210 | @a北京@c中国学术出版社@d1983 | |
| 215 | @a262页@c照片@d20cm | |
| 606 | @a解放区-抗日战争-科学技术@y中国@x史料 | |
| 606 | @a科学技术-解放区-抗日战争@y中国@x史料 | |
| 606 | @a抗日战争-解放区-科学技术@y中国@x史料 | |
| 690 | @aK269.5@v3 | |
| 701 | 0 | @a武衡@Awu heng@4主编 |
| 801 | 0 | @aCN@bTSSF@c20060426 |
| 905 | @a10447@dK269.5@e8:1 | |
| 抗日战争时期解放区科学技术发展史资料.第1辑/武衡主编.-北京:中国学术出版社,1983 |
| 262页:照片;20cm |
| ISBN :CNY1.37 |
| ● |
| 相关链接 |
|
|
|
|
正题名:抗日战争时期解放区科学技术发展史资料
索取号:K269.5/8:1
 
预约/预借
| 序号 | 登录号 | 条形码 | 馆藏地/架位号 | 状态 | 备注 |
| 1 | 0099428 | 202290859 | 密集书库/ [索取号:K269.5/8:1] | 在馆 | |
| 2 | 0099429 | 000353959 | 第二样本阅览室/ [索取号:K269.5/8:1] | 在馆 |